[Event "2. Bundesliga Mitte 2010/11"]
[Site "Sauwald"]
[Date "2010.11.26"]
[Round "3"]
[Board "1"]
[White "Kozul, Zdenko"]
[Black "Freitag, Manfred"]
[Result "1/2-1/2"]
[WhiteElo "2604"]
[BlackElo "2382"]
[PlyCount "126"]
[EventDate "2010.10.16"]
[EventType "team"]
[EventRounds "11"]
[EventCountry "AUT"]
[WhiteTeam "ZH-Technologies-Wolfsberg"]
[BlackTeam "ESV Austria Graz"]

1.d4 Nf6 2.Nf3 g6 3.c4 Bg7 4.Nc3 O-O 5.e4 d6 6.Be2 e5 7.O-O Nc6 8.d5 Ne7 9.Ne1
Nd7 10.Nd3 f5 11.Bd2 Nf6 12.f3 f4 13.c5 g5 14.cxd6 cxd6 15.Nf2 h5 16.h3 Ng6
17.Qc2 Rf7 18.Rfc1 g4 19.fxg4 hxg4 20.hxg4 Ne8 21.a4 Bf6 22.Ncd1 Bh4 23.Ra3 Bg3
24.Rc3 Bd7 25.Bb5 Bxb5 26.axb5 Qh4 27.Nh3 Nf6 28.Rc8+ Rxc8 29.Qxc8+ Kg7 30.Rc7
Ne7 31.Qe6 Nxe4 32.g5 Qh5 33.Nc3 Nxc3 34.Qh6+ Qxh6 35.gxh6+ Kg6 36.bxc3 Nf5
37.Rxf7 Kxf7 38.Ng5+ Kg6 39.Ne4 Bh4 40.c4 Be7 41.Bc3 b6 42.Bb4 Kxh6 43.Kf2 Kg6
44.Kf3 Kf7 45.g4 fxg3 46.Nxg3 Kg6 47.Ne4 Kf7 48.Be1 Kg6 49.Bf2 Nh6 50.Be3 Nf5
51.Bf2 Nh6 52.Be1 Nf5 53.Ke2 Kf7 54.Nc3 Bh4 55.Bd2 Kg6 56.Na2 e4 57.Nc3 Ng3+
58.Kd1 Kf5 59.Bh6 Bf6 60.Ne2 Nxe2 61.Kxe2 Bg5 62.Bg7 Bf6 63.Bh6 Bg5 1/2-1/2

[Event "2. Bundesliga Mitte 2010/11"]
[Site "Sauwald"]
[Date "2010.11.26"]
[Round "3"]
[Board "2"]
[White "Karner, Christoph"]
[Black "Stevic, Hrvoje"]
[Result "0-1"]
[WhiteElo "2322"]
[BlackElo "2607"]
[PlyCount "74"]
[EventDate "2010.10.16"]
[EventType "team"]
[EventRounds "11"]
[EventCountry "AUT"]
[WhiteTeam "ESV Austria Graz"]
[BlackTeam "ZH-Technologies-Wolfsberg"]

1.d4 d5 2.c4 c6 3.cxd5 cxd5 4.Nf3 Nf6 5.Nc3 g6 6.Bf4 Nc6 7.e3 Nh5 8.Bg5 h6 9.Bh4
Bg7 10.Qb3 g5 11.Bg3 Nxg3 12.hxg3 e6 13.g4 Bd7 14.Bd3 Qb6 15.Qxb6 axb6 16.Bb5
Ke7 17.Kd2 f6 18.b3 Ra5 19.a4 Raa8 20.Ne1 Be8 21.Nd3 Na5 22.Rab1 Bg6 23.g3 Rac8
24.f4 Kd6 25.Rhf1 h5 26.f5 Bf7 27.e4 hxg4 28.e5+ Ke7 29.Rf2 fxe5 30.fxe6 Bxe6
31.Nxe5 Bxe5 32.dxe5 d4 33.Ne4 Nxb3+ 34.Kd3 Bd5 35.e6 Rhf8 36.Rf7+ Rxf7 37.exf7
Bxe4+ 0-1

[Event "2. Bundesliga Mitte 2010/11"]
[Site "Sauwald"]
[Date "2010.11.26"]
[Round "3"]
[Board "3"]
[White "Jovanovic, Zoran"]
[Black "Kotz, Heinz Peter"]
[Result "1-0"]
[WhiteElo "2520"]
[BlackElo "2330"]
[PlyCount "106"]
[EventDate "2010.10.16"]
[EventType "team"]
[EventRounds "11"]
[EventCountry "AUT"]
[WhiteTeam "ZH-Technologies-Wolfsberg"]
[BlackTeam "ESV Austria Graz"]

1.e4 e5 2.Nf3 Nc6 3.Bc4 Nf6 4.d3 Be7 5.O-O O-O 6.Re1 d6 7.a4 h6 8.Nc3 Kh8 9.h3
Nh7 10.d4 Ng5 11.Bxg5 Bxg5 12.dxe5 Nxe5 13.Nxe5 dxe5 14.Qxd8 Bxd8 15.Red1 c6
16.Rd3 f5 17.Re1 fxe4 18.Nxe4 Bf5 19.Rd2 Bxe4 20.Rxe4 Bf6 21.Rd7 Rab8 22.Re1 a5
23.Bf1 Rfd8 24.Red1 Rxd7 25.Rxd7 Kg8 26.b3 Kf8 27.Bd3 Ke8 28.Bf5 b6 29.Rc7 c5
30.Kf1 Be7 31.Bg6+ Kf8 32.Ke2 Rd8 33.Rb7 Rd6 34.Bd3 Kf7 35.g3 Kf6 36.Ke3 g6
37.Bc4 g5 38.c3 Bd8 39.Bd3 Be7 40.Ke4 Bd8 41.Be2 Rd2 42.Bc4 Kg6 43.Bd3 Kf6
44.Bc4 Kg6 45.f3 h5 46.Rb8 Kf6 47.Rc8 Be7 48.Rh8 Kg6 49.Rb8 Bd8 50.Bd3 g4
51.hxg4 Bg5 52.Rxb6+ Kg7 53.gxh5 Rd1 1-0

[Event "2. Bundesliga Mitte 2010/11"]
[Site "Sauwald"]
[Date "2010.11.26"]
[Round "3"]
[Board "4"]
[White "Fahrner, Kurt"]
[Black "Wegerer, Fred"]
[Result "1/2-1/2"]
[WhiteElo "2314"]
[BlackElo "2218"]
[PlyCount "169"]
[EventDate "2010.10.16"]
[EventType "team"]
[EventRounds "11"]
[EventCountry "AUT"]
[WhiteTeam "ESV Austria Graz"]
[BlackTeam "ZH-Technologies-Wolfsberg"]

1.d4 Nf6 2.c4 e6 3.Nc3 Bb4 4.Qc2 d5 5.cxd5 Nxd5 6.e4 Nxc3 7.bxc3 Be7 8.Nf3 c5
9.Bb5+ Bd7 10.Rb1 Bxb5 11.Rxb5 b6 12.Be3 Nd7 13.O-O O-O 14.Rd1 Qc7 15.d5 exd5
16.exd5 Bd6 17.c4 Rae8 18.Rb3 Nf6 19.Bg5 Ne4 20.Re3 f5 21.Rde1 Qf7 22.Bh4 Bf4
23.R3e2 g6 24.Bg3 Bxg3 25.hxg3 Qf6 26.Nd2 Nd6 27.Re6 Rxe6 28.Rxe6 Qa1+ 29.Kh2
Nf7 30.Nb3 Qg7 31.Qe2 Nh6 32.f3 Nf7 33.Re7 Qh6+ 34.Kg1 Qg5 35.Kf2 a5 36.a4 f4
37.g4 h5 38.gxh5 gxh5 39.Qe6 h4 40.Kg1 h3 41.Qg4 Qxg4 42.fxg4 hxg2 43.Kxg2 f3+
44.Kf2 Nd6 45.Nd2 Rf4 46.g5 Kf8 47.Re6 Nxc4 48.Ne4 Rf5 49.d6 Ne5 50.g6 c4 51.Nf6
Nd3+ 52.Kf1 Nc5 53.Re8+ Kg7 54.d7 Nxd7 55.Nxd7 b5 56.Ne5 c3 57.Re7+ Kf8 58.g7+
Kxe7 59.g8=Q Rxe5 60.Qg7+ Kd6 61.Qf6+ Kd5 62.axb5 Kd4 63.Qb6+ Rc5 64.Qd6+ Kc4
65.b6 c2 66.Qd2 Kb5 67.Qd7+ Kxb6 68.Qe6+ Rc6 69.Qe3+ Kb7 70.Qb3+ Ka7 71.Qe3+ Kb7
72.Qc1 Ka6 73.Kf2 Rc3 74.Ke1 Rc6 75.Kd2 Rd6+ 76.Ke3 Rc6 77.Kxf3 a4 78.Ke3 Ka5
79.Kd2 Rc5 80.Kd3 Kb4 81.Qb2+ Ka5 82.Qc1 Kb4 83.Qb2+ Ka5 84.Qc1 Kb4 85.Qb2+ 1/2-1/2

[Event "2. Bundesliga Mitte 2010/11"]
[Site "Sauwald"]
[Date "2010.11.26"]
[Round "3"]
[Board "5"]
[White "Waldmann, Gerald"]
[Black "Aschenbrenner, Robert"]
[Result "0-1"]
[WhiteElo "2212"]
[BlackElo "2229"]
[PlyCount "82"]
[EventDate "2010.10.16"]
[EventType "team"]
[EventRounds "11"]
[EventCountry "AUT"]
[WhiteTeam "ZH-Technologies-Wolfsberg"]
[BlackTeam "ESV Austria Graz"]

1.e4 c6 2.d4 d5 3.exd5 cxd5 4.c4 Nf6 5.Nc3 Nc6 6.Nf3 Bg4 7.cxd5 Nxd5 8.Qb3 Bxf3
9.gxf3 Nb6 10.Be3 e6 11.O-O-O Be7 12.d5 exd5 13.Nxd5 Nxd5 14.Rxd5 Qc7 15.Kb1 O-O
16.Bd3 Nb4 17.Rc1 Qxh2 18.Rd7 Nxd3 19.Qxd3 Bf6 20.Rxb7 Rab8 21.Qe4 Qe5 22.Rcc7
h5 23.a3 h4 24.Qg4 Rxb7 25.Rxb7 Rd8 26.Qc4 Qf5+ 27.Ka2 Qd5 28.Rb4 h3 29.Bf4
Qxc4+ 30.Rxc4 Rd4 31.Rc8+ Kh7 32.Bg3 Rd2 33.Rb8 Rxf2 34.Rb5 Rxf3 35.Bb8 g5 36.a4
Rf2 37.Rb3 Kg6 38.Bxa7 Rxb2+ 39.Rxb2 Bxb2 40.Bb8 Bd4 41.a5 f5 0-1

[Event "2. Bundesliga Mitte 2010/11"]
[Site "Sauwald"]
[Date "2010.11.26"]
[Round "3"]
[Board "6"]
[White "Pfaffel, Thomas"]
[Black "Toefferl, Heimo"]
[Result "1-0"]
[WhiteElo "2193"]
[BlackElo "2126"]
[PlyCount "79"]
[EventDate "2010.10.16"]
[EventType "team"]
[EventRounds "11"]
[EventCountry "AUT"]
[WhiteTeam "ESV Austria Graz"]
[BlackTeam "ZH-Technologies-Wolfsberg"]

1.b3 d5 2.Nf3 c5 3.e3 Nc6 4.Bb2 Bg4 5.Be2 f6 6.d4 Nh6 7.O-O e6 8.Nbd2 Bd6 9.dxc5
Bxc5 10.c4 O-O 11.cxd5 exd5 12.Qc2 Qe7 13.a3 Rac8 14.Qb1 Rfd8 15.Bd3 g6 16.b4
Bd6 17.h3 Be6 18.Nd4 Ne5 19.Nxe6 Qxe6 20.Bc2 Nhf7 21.Bd4 b6 22.f4 Nc6 23.f5 Qe7
24.Bxf6 Qxe3+ 25.Kh1 Qg3 26.Nf3 Nce5 27.Bh4 Qf4 28.g3 Qh6 29.fxg6 Nxg6 30.Bxg6
hxg6 31.Bxd8 Qxh3+ 32.Nh2 Qxg3 33.Ra2 Rxd8 34.Rg2 Qxg2+ 35.Kxg2 Kg7 36.Ng4 d4
37.Qb3 Ne5 38.Nxe5 Bxe5 39.Qf7+ Kh6 40.Qe7 1-0

[Event "2. Bundesliga Mitte 2010/11"]
[Site "Sauwald"]
[Date "2010.11.26"]
[Round "3"]
[Board "1"]
[White "Lenic, Luka"]
[Black "Horvath, Tamas"]
[Result "1-0"]
[WhiteElo "2603"]
[BlackElo "2414"]
[PlyCount "121"]
[EventDate "2010.10.16"]
[EventType "team"]
[EventRounds "11"]
[EventCountry "AUT"]
[WhiteTeam "SV Raika Rapid Feffernitz"]
[BlackTeam "RbEJ Gleisdorf"]

1.d4 e6 2.Nf3 c5 3.e4 cxd4 4.Nxd4 Nf6 5.Nc3 Nc6 6.Ndb5 d6 7.Bf4 e5 8.Bg5 a6
9.Na3 b5 10.Nd5 Qa5+ 11.Bd2 Qd8 12.Nxf6+ Qxf6 13.Bd3 Qd8 14.O-O Rb8 15.c4 b4
16.Nc2 Be7 17.Be2 O-O 18.b3 h6 19.Bg4 Be6 20.Bxe6 fxe6 21.Qg4 Rf6 22.Be3 Qf8
23.Ne1 Bd8 24.Rd1 Bc7 25.Rd2 Qf7 26.Nc2 Ne7 27.Rfd1 a5 28.Rd3 Rf8 29.R1d2 Ng6
30.Qh5 Qe8 31.g3 Qc6 32.Qg4 h5 33.Qxh5 Qxe4 34.h3 Nf4 35.Bxf4 exf4 36.Qf3 Qxf3
37.Rxf3 fxg3 38.Rxf6 Rxf6 39.fxg3 Bb6+ 40.Kg2 Bc5 41.Nd4 d5 42.cxd5 exd5 43.Nf3
Rd6 44.Ne5 d4 45.Rc2 Rd5 46.Nd3 Bf8 47.Kf3 a4 48.bxa4 Ra5 49.Nb2 g6 50.Ke4 Bg7
51.Kd3 Rf5 52.Kc4 Rf3 53.Nd3 Rxg3 54.a5 Bf8 55.h4 Re3 56.a6 Re8 57.Kb5 Rb8+
58.Ka4 b3 59.axb3 Rb6 60.Ka5 Rxb3 61.Ra2 1-0

[Event "2. Bundesliga Mitte 2010/11"]
[Site "Sauwald"]
[Date "2010.11.26"]
[Round "3"]
[Board "2"]
[White "Abel, Dennes"]
[Black "Sebenik, Matej"]
[Result "1/2-1/2"]
[WhiteElo "2394"]
[BlackElo "2516"]
[PlyCount "58"]
[EventDate "2010.10.16"]
[EventType "team"]
[EventRounds "11"]
[EventCountry "AUT"]
[WhiteTeam "RbEJ Gleisdorf"]
[BlackTeam "SV Raika Rapid Feffernitz"]

1.d4 d5 2.c4 c6 3.Nf3 Nf6 4.e3 Bf5 5.Nc3 e6 6.Nh4 Bg6 7.Be2 Nbd7 8.O-O Bd6 9.g3
dxc4 10.Bxc4 Bh5 11.Be2 Bxe2 12.Qxe2 O-O 13.Rd1 b5 14.b3 a5 15.Qc2 Qb6 16.a4 Nd5
17.Ne4 Be7 18.Nf3 h6 19.Ba3 Bxa3 20.Rxa3 b4 21.Raa1 f5 22.Nc5 Nxc5 23.Qxc5 Qc7
24.Ne5 Nc3 25.Re1 Rac8 26.Nc4 Ra8 27.Ne5 Rac8 28.Nc4 Ra8 29.Ne5 Rac8 1/2-1/2

[Event "2. Bundesliga Mitte 2010/11"]
[Site "Sauwald"]
[Date "2010.11.26"]
[Round "3"]
[Board "3"]
[White "Diermair, Andreas"]
[Black "Degtiarev, Evgeny"]
[Result "1-0"]
[WhiteElo "2354"]
[BlackElo "2368"]
[PlyCount "54"]
[EventDate "2010.10.16"]
[EventType "team"]
[EventRounds "11"]
[EventCountry "AUT"]
[WhiteTeam "SV Raika Rapid Feffernitz"]
[BlackTeam "RbEJ Gleisdorf"]

1.Nf3 Nf6 2.c4 g6 3.Nc3 d5 4.cxd5 Nxd5 5.g3 Bg7 6.Bg2 c5 7.O-O Nc7 8.d3 Nc6
9.Be3 Ne6 10.Rc1 Bd7 11.Qd2 Rc8 12.Nd5 b6 13.b4 cxb4 14.Nxb4 O-O 15.Nd5 Re8
16.Bh6 Bh8 17.e3 Nc5 18.Ng5 e5 19.f4 Be6 20.Nxe6 fxe6 21.Bg5 Qd6 22.fxe5 Nxe5
23.d4 exd5 24.dxc5 Rxc5 25.Rxc5 Qxc5 26.Bxd5+ Kg7 27.Qd4 h6 1-0

[Event "2. Bundesliga Mitte 2010/11"]
[Site "Sauwald"]
[Date "2010.11.26"]
[Round "3"]
[Board "4"]
[White "Sandner, Wolfgang"]
[Black "Novak, Pavel"]
[Result "1/2-1/2"]
[WhiteElo "2234"]
[BlackElo "2381"]
[PlyCount "99"]
[EventDate "2010.10.16"]
[EventType "team"]
[EventRounds "11"]
[EventCountry "AUT"]
[WhiteTeam "RbEJ Gleisdorf"]
[BlackTeam "SV Raika Rapid Feffernitz"]

1.e4 c5 2.Nf3 Nc6 3.Bc4 g6 4.O-O Bg7 5.c3 d6 6.a4 Nf6 7.d3 O-O 8.h3 d5 9.exd5
Nxd5 10.Na3 b6 11.Nb5 Rb8 12.d4 cxd4 13.Nfxd4 Nxd4 14.Nxd4 Bb7 15.Qb3 e6 16.Rd1
Qf6 17.Bf1 Rbd8 18.Ne2 e5 19.a5 Nf4 20.Nxf4 exf4 21.axb6 axb6 22.Ra4 Rxd1
23.Qxd1 Rd8 24.Qb3 g5 25.Ra7 Qc6 26.Qc2 Qe4 27.Qe2 f3 28.Qxe4 Bxe4 29.Re7 fxg2
30.Be2 f5 31.Bxg5 Ra8 32.f3 Bd5 33.Kxg2 Ra2 34.Bc1 Ra1 35.Rd7 Rxc1 36.Rxd5 Rc2
37.Kf1 Bf8 38.Rxf5 Bc5 39.b4 Be3 40.Rd5 Rc1+ 41.Bd1 Rxc3 42.Rd7 h6 43.Ke2 Kf8
44.Bc2 Bc5 45.Be4 Bxb4 46.Rh7 Be7 47.Rxh6 b5 48.Rb6 b4 49.h4 Bxh4 50.Rxb4 1/2-1/2

[Event "2. Bundesliga Mitte 2010/11"]
[Site "Sauwald"]
[Date "2010.11.26"]
[Round "3"]
[Board "5"]
[White "Perhinig, Robert"]
[Black "Knoll, Martin"]
[Result "1/2-1/2"]
[WhiteElo "2262"]
[BlackElo "2025"]
[PlyCount "61"]
[EventDate "2010.10.16"]
[EventType "team"]
[EventRounds "11"]
[EventCountry "AUT"]
[WhiteTeam "SV Raika Rapid Feffernitz"]
[BlackTeam "RbEJ Gleisdorf"]

1.Nf3 d5 2.d4 g6 3.g3 c6 4.Bg2 Bg7 5.O-O Nf6 6.c4 O-O 7.cxd5 cxd5 8.Nc3 Ne4
9.Qb3 Nxc3 10.bxc3 Nc6 11.Nd2 e5 12.e3 e4 13.Ba3 Na5 14.Qc2 Re8 15.c4 f5 16.cxd5
Qxd5 17.Rfc1 Be6 18.Bf1 Rac8 19.Qa4 Bd7 20.Qb4 Bf8 21.Qb2 Be6 22.Bxf8 Rxf8
23.Qb4 Rxc1 24.Rxc1 Qxa2 25.Nc4 Rc8 26.Qe7 Bxc4 27.Bxc4+ Rxc4 28.Qe8+ Kg7
29.Qe7+ Kg8 30.Qe8+ Kg7 31.Qe7+ 1/2-1/2

[Event "2. Bundesliga Mitte 2010/11"]
[Site "Sauwald"]
[Date "2010.11.26"]
[Round "3"]
[Board "1"]
[White "Horvath, Csaba"]
[Black "Weiss, Christian"]
[Result "1/2-1/2"]
[WhiteElo "2529"]
[BlackElo "2417"]
[PlyCount "46"]
[EventDate "2010.10.16"]
[EventType "team"]
[EventRounds "11"]
[EventCountry "AUT"]
[WhiteTeam "SC Die Klagenfurter"]
[BlackTeam "Union Ansfelden"]

1.d4 d5 2.Nf3 Nf6 3.c4 c6 4.Qb3 e6 5.Bg5 Be7 6.e3 O-O 7.Nc3 Nbd7 8.Rc1 h6 9.Bh4
a6 10.Bd3 dxc4 11.Qxc4 c5 12.Bb1 b5 13.Qe2 cxd4 14.Nxd4 Bb7 15.O-O Qb6 16.Rfd1
Rac8 17.f3 Bc5 18.Bf2 Bxd4 19.exd4 Qd6 20.Bg3 Qb6 21.Bf2 Qd6 22.Bg3 Qb6 23.Bf2
Qd6 1/2-1/2

[Event "2. Bundesliga Mitte 2010/11"]
[Site "Sauwald"]
[Date "2010.11.26"]
[Round "3"]
[Board "2"]
[White "Ennsberger, Ulrich"]
[Black "Pilaj, Herwig"]
[Result "1/2-1/2"]
[WhiteElo "2365"]
[BlackElo "2349"]
[PlyCount "104"]
[EventDate "2010.10.16"]
[EventType "team"]
[EventRounds "11"]
[EventCountry "AUT"]
[WhiteTeam "Union Ansfelden"]
[BlackTeam "SC Die Klagenfurter"]

1.c4 c5 2.Nf3 Nc6 3.Nc3 e5 4.g3 g6 5.Bg2 Bg7 6.O-O Nge7 7.a3 a5 8.d3 d6 9.Rb1
O-O 10.Ne1 Be6 11.Nc2 d5 12.cxd5 Nxd5 13.Bd2 a4 14.Nxd5 Bxd5 15.Bxd5 Qxd5 16.b4
axb3 17.Ne3 Qd7 18.Nc4 Nd4 19.Nb6 Qe6 20.Nxa8 Rxa8 21.Be3 Rxa3 22.Bxd4 exd4
23.Qc1 Ra5 24.Qb2 c4 25.dxc4 Qh3 26.e4 dxe3 27.Qe2 exf2+ 28.Qxf2 Rf5 29.Qg2
Rxf1+ 30.Qxf1 Bd4+ 31.Kh1 Qxf1+ 32.Rxf1 b2 33.Rb1 Kf8 34.Kg2 Ke7 35.Kf3 Kd6
36.Ke4 Kc5 37.Kd3 f5 38.h3 h5 39.Rf1 Be5 40.Rb1 Kb4 41.Kc2 Kxc4 42.Rg1 b6 43.Rg2
Kd5 44.Rd2+ Bd4 45.Re2 g5 46.Re7 g4 47.Rh7 gxh3 48.Rxh5 Ke4 49.Rxh3 Bf2 50.Rh4+
Ke5 51.Rb4 Bxg3 52.Rxb6 Ke4 1/2-1/2

[Event "2. Bundesliga Mitte 2010/11"]
[Site "Sauwald"]
[Date "2010.11.26"]
[Round "3"]
[Board "3"]
[White "Genser, Harald"]
[Black "Knoll, Hermann"]
[Result "1/2-1/2"]
[WhiteElo "2281"]
[BlackElo "2382"]
[PlyCount "171"]
[EventDate "2010.10.16"]
[EventType "team"]
[EventRounds "11"]
[EventCountry "AUT"]
[WhiteTeam "SC Die Klagenfurter"]
[BlackTeam "Union Ansfelden"]

1.d4 Nf6 2.c4 e6 3.Nf3 b6 4.g3 Ba6 5.Qa4 c6 6.Nc3 b5 7.cxb5 cxb5 8.Nxb5 Qb6
9.Nc3 Bb4 10.Bg2 O-O 11.Qd1 Ne4 12.Bd2 Nxd2 13.Qxd2 Nc6 14.O-O Rac8 15.Rfc1 Na5
16.Rc2 Nc4 17.Qc1 Nxb2 18.Qxb2 Bxc3 19.Qxb6 axb6 20.Rac1 Bb2 21.Rxc8 Rxc8
22.Rxc8+ Bxc8 23.e3 f6 24.Nd2 d5 25.Bf1 Bd7 26.Nb3 Kf8 27.Bd3 h6 28.f3 Ke7
29.Kf2 e5 30.Ke2 Bc3 31.Kf2 g5 32.dxe5 fxe5 33.g4 Kd6 34.h3 Bc6 35.e4 dxe4
36.fxe4 b5 37.Kf3 Be8 38.Be2 Kc6 39.Bd3 Bf7 40.Ke3 Bb4 41.Kf2 h5 42.Kf3 hxg4+
43.hxg4 Be6 44.Bb1 Bc4 45.Bc2 Kb6 46.Bb1 Be1 47.Bc2 b4 48.Nc1 Bd2 49.Nb3 Bf4
50.Bb1 Kb5 51.Bc2 Bf7 52.Bd1 Kc4 53.Na5+ Kd3 54.Bb3 Be8 55.Bc4+ Kc3 56.Bb3 Bb5
57.Kf2 Kd4 58.Kf3 Bd3 59.Bd5 Bc2 60.Nc6+ Kc5 61.Ke2 Ba4 62.Na5 Bb5+ 63.Kf3 Kd4
64.Kf2 Kc3 65.Nc6 Ba6 66.Kf3 Kd2 67.Nxb4 Be2+ 68.Kf2 Bxg4 69.a4 Bh3 70.Kg1 Bc8
71.a5 Kc3 72.Nc6 Ba6 73.Kg2 Kd2 74.Nb8 Be2 75.a6 Be3 76.Bb7 g4 77.Nd7 Bf3+
78.Kg3 Bf4+ 79.Kf2 Bh1 80.Kg1 Bf3 81.Kf2 Be2 82.Nf6 g3+ 83.Kg2 Ke1 84.a7 Bf1+
85.Kf3 Be2+ 86.Kg2 1/2-1/2

[Event "2. Bundesliga Mitte 2010/11"]
[Site "Sauwald"]
[Date "2010.11.26"]
[Round "3"]
[Board "4"]
[White "Moser, Guenter"]
[Black "Titz, Heimo"]
[Result "0-1"]
[WhiteElo "2355"]
[BlackElo "2225"]
[PlyCount "96"]
[EventDate "2010.10.16"]
[EventType "team"]
[EventRounds "11"]
[EventCountry "AUT"]
[WhiteTeam "Union Ansfelden"]
[BlackTeam "SC Die Klagenfurter"]

1.d4 Nf6 2.c4 e6 3.Nf3 b6 4.a3 Ba6 5.Qc2 c5 6.dxc5 bxc5 7.g3 Nc6 8.Bg2 Qb6 9.O-O
Rc8 10.Nbd2 Be7 11.e3 O-O 12.Re1 Bb7 13.b3 a5 14.Bb2 d6 15.Ng5 g6 16.Rad1 Rcd8
17.f4 d5 18.cxd5 exd5 19.Rc1 Nb8 20.Ngf3 Nbd7 21.h3 Rfe8 22.Kh2 Bf8 23.a4 Rc8
24.Ne5 Bg7 25.Ndf3 Nxe5 26.Nxe5 Re7 27.Red1 Nd7 28.Nxd7 Rxd7 29.Ba3 Bf8 30.Qd3
Re8 31.e4 d4 32.Rd2 Ba6 33.Qc2 Rc8 34.Bf1 Bxf1 35.Rxf1 Rb7 36.Rf3 c4 37.Bxf8 c3
38.Ba3 Qxb3 39.Bc1 Rc4 40.Qxb3 Rxb3 41.Rc2 Rxa4 42.f5 Ra1 43.fxg6 hxg6 44.g4
Rbb1 45.Rf1 a4 46.e5 a3 47.e6 fxe6 48.Rcf2 Rb2 0-1

[Event "2. Bundesliga Mitte 2010/11"]
[Site "Sauwald"]
[Date "2010.11.26"]
[Round "3"]
[Board "5"]
[White "Wertjanz, David"]
[Black "Hellmayr, Alois"]
[Result "0-1"]
[WhiteElo "2209"]
[BlackElo "2235"]
[PlyCount "122"]
[EventDate "2010.10.16"]
[EventType "team"]
[EventRounds "11"]
[EventCountry "AUT"]
[WhiteTeam "SC Die Klagenfurter"]
[BlackTeam "Union Ansfelden"]

1.e4 c5 2.Nf3 e6 3.d4 cxd4 4.Nxd4 a6 5.Bd3 Qb6 6.Nb3 Qc7 7.O-O Nf6 8.c4 d6 9.Nc3
Be7 10.Qe2 Nc6 11.f4 b6 12.a3 O-O 13.Bd2 Bb7 14.Rac1 Qb8 15.g4 Nd7 16.g5 Re8
17.Qh5 g6 18.Qh6 Bf8 19.Qh4 Bg7 20.Be3 Qd8 21.Bb1 h6 22.Qf2 hxg5 23.f5 Nce5
24.fxg6 fxg6 25.Nd4 Qe7 26.b3 g4 27.Nce2 Rf8 28.Qg2 Rxf1+ 29.Rxf1 g5 30.Ng3 Rf8
31.Qd2 Rxf1+ 32.Nxf1 Nf7 33.Ng3 Be5 34.b4 Qf6 35.Ba2 Kh7 36.c5 bxc5 37.Nxe6 Bc3
38.Qf2 Qxf2+ 39.Kxf2 cxb4 40.axb4 Kg6 41.Nd4 Nde5 42.Nc2 Nd3+ 43.Ke2 Nf4+ 44.Kf1
Ne5 45.Bd4 Bd2 46.Be3 Nf3 47.Kf2 Nd3+ 48.Kg2 Nde1+ 49.Nxe1 Nxe1+ 50.Kf2 Nd3+
51.Ke2 Bxe3 52.Kxe3 Nxb4 53.Be6 Kf6 54.Bxg4 Ke5 55.Bf5 a5 56.Kd2 a4 57.Kc3 a3
58.Bh7 a2 59.Kb2 Bc8 60.Ne2 Ba6 61.Bg8 Bxe2 0-1

[Event "2. Bundesliga Mitte 2010/11"]
[Site "Sauwald"]
[Date "2010.11.26"]
[Round "3"]
[Board "6"]
[White "Casagrande, Harald"]
[Black "Jakits, Leopold"]
[Result "1-0"]
[WhiteElo "2325"]
[BlackElo "1979"]
[PlyCount "37"]
[EventDate "2010.10.16"]
[EventType "team"]
[EventRounds "11"]
[EventCountry "AUT"]
[WhiteTeam "Union Ansfelden"]
[BlackTeam "SC Die Klagenfurter"]

1.d4 Nf6 2.Bg5 e6 3.Nf3 b6 4.e4 d6 5.Bb5+ c6 6.Bd3 Be7 7.Qe2 O-O 8.e5 Nd5 9.Qe4
g6 10.h4 Nb4 11.Bxe7 Qxe7 12.exd6 Nxd3+ 13.Qxd3 Qxd6 14.h5 Qf4 15.Nbd2 Ba6
16.Qa3 Rd8 17.hxg6 hxg6 18.Rh4 Qd6 19.Qe3 1-0

[Event "2. Bundesliga Mitte 2010/11"]
[Site "Sauwald"]
[Date "2010.11.26"]
[Round "3"]
[Board "1"]
[White "Tratar, Marko"]
[Black "Nemeth, Miklos"]
[Result "1-0"]
[WhiteElo "2475"]
[BlackElo "2454"]
[PlyCount "113"]
[EventDate "2010.10.16"]
[EventType "team"]
[EventRounds "11"]
[EventCountry "AUT"]
[WhiteTeam "SK MPOE Maria Saal"]
[BlackTeam "SV Steyregg"]

1.d4 Nf6 2.Nf3 e6 3.c4 b6 4.g3 Ba6 5.b3 Bb4+ 6.Bd2 Be7 7.Nc3 O-O 8.Qc2 c5 9.d5
exd5 10.cxd5 b5 11.e4 Re8 12.Bxb5 Nxe4 13.O-O Nxc3 14.Bxa6 Nxa6 15.Bxc3 Bf6
16.Rae1 Qb6 17.Nd2 Bxc3 18.Qxc3 Nb4 19.Nc4 Qa6 20.Rxe8+ Rxe8 21.Re1 Rf8 22.Qd2
Qxa2 23.Qxa2 Nxa2 24.Re7 Rd8 25.Ne5 f6 26.Nxd7 Nb4 27.Nxc5 Rxd5 28.Ne6 Re5
29.Rxg7+ Kh8 30.Re7 Kg8 31.Rg7+ Kh8 32.Rb7 Nc6 33.Nf8 Re7 34.Rxe7 Nxe7 35.Ne6
Nc6 36.f4 Kg8 37.Kf2 Kf7 38.f5 Ke7 39.Ke3 Kd6 40.Ke4 Na5 41.b4 Nc6 42.b5 Ne5
43.h3 Nd7 44.g4 Ne5 45.g5 fxg5 46.Nxg5 h6 47.Nf3 Nd7 48.Kd4 a6 49.bxa6 Nb8
50.Ne5 Nxa6 51.Nf7+ Ke7 52.Nxh6 Kf6 53.h4 Nc7 54.Ke4 Ne8 55.Ng4+ Kf7 56.Ke5 Ng7
57.Nf6 1-0

[Event "2. Bundesliga Mitte 2010/11"]
[Site "Sauwald"]
[Date "2010.11.26"]
[Round "3"]
[Board "2"]
[White "Gergacz, Attila"]
[Black "Kreisl, Robert"]
[Result "1/2-1/2"]
[WhiteElo "2425"]
[BlackElo "2376"]
[PlyCount "86"]
[EventDate "2010.10.16"]
[EventType "team"]
[EventRounds "11"]
[EventCountry "AUT"]
[WhiteTeam "SV Steyregg"]
[BlackTeam "SK MPOE Maria Saal"]

1.e4 c6 2.d4 d5 3.f3 Qb6 4.Nc3 dxe4 5.fxe4 e5 6.Nf3 exd4 7.Qxd4 Qxd4 8.Nxd4 Bc5
9.Nb3 Bd6 10.Be3 Nf6 11.O-O-O Be5 12.Nd4 Nbd7 13.Bc4 Ng4 14.Bg1 Bf4+ 15.Kb1 Nde5
16.Bb3 g6 17.Nf3 f6 18.Ne2 Be3 19.Nxe5 fxe5 20.h3 Bxg1 21.Rhxg1 Nf6 22.Nc1 Ke7
23.Nd3 Rd8 24.Nxe5 Rxd1+ 25.Rxd1 Nxe4 26.Kc1 Be6 27.Re1 Nc5 28.Nd3 Nxb3+ 29.axb3
Kd6 30.Kd2 Rf8 31.c4 b6 32.Kc3 c5 33.b4 cxb4+ 34.Kxb4 Bf5 35.Ne5 Be6 36.Nd3 Bf5
37.Nf2 Bd7 38.Re2 Bc6 39.Ng4 Rf5 40.Rd2+ Ke6 41.Re2+ Kd6 42.Rd2+ Ke6 43.Re2+ Kd6
1/2-1/2

[Event "2. Bundesliga Mitte 2010/11"]
[Site "Sauwald"]
[Date "2010.11.26"]
[Round "3"]
[Board "3"]
[White "Schachinger, Mario"]
[Black "Webersberger, Johann"]
[Result "0-1"]
[WhiteElo "2356"]
[BlackElo "2368"]
[PlyCount "42"]
[EventDate "2010.10.16"]
[EventType "team"]
[EventRounds "11"]
[EventCountry "AUT"]
[WhiteTeam "SK MPOE Maria Saal"]
[BlackTeam "SV Steyregg"]

1.Nf3 b6 2.e4 Bb7 3.Nc3 g6 4.d4 Bg7 5.Bc4 e6 6.Bf4 d6 7.O-O h6 8.Re1 Ne7 9.h4
Nd7 10.Qd2 a6 11.a4 Kf8 12.b4 Kg8 13.b5 a5 14.Ra3 Qf8 15.Bf1 Rd8 16.g3 e5 17.Be3
d5 18.dxe5 dxe4 19.e6 Ne5 20.exf7+ Kxf7 21.Nd4 Rxd4 0-1

[Event "2. Bundesliga Mitte 2010/11"]
[Site "Sauwald"]
[Date "2010.11.26"]
[Round "3"]
[Board "4"]
[White "Enoeckl, Philipp"]
[Black "Halvax, Georg"]
[Result "1/2-1/2"]
[WhiteElo "2285"]
[BlackElo "2269"]
[PlyCount "60"]
[EventDate "2010.10.16"]
[EventType "team"]
[EventRounds "11"]
[EventCountry "AUT"]
[WhiteTeam "SV Steyregg"]
[BlackTeam "SK MPOE Maria Saal"]

1.d4 d5 2.c4 e6 3.Nf3 Nf6 4.Bg5 dxc4 5.Qa4+ c6 6.Qxc4 Be7 7.e3 h6 8.Bh4 O-O
9.Be2 b5 10.Qc2 Bb7 11.Nbd2 Nbd7 12.O-O Rc8 13.Bxf6 Nxf6 14.Nb3 Nd7 15.Nc5 Nxc5
16.dxc5 a5 17.b3 b4 18.Rfd1 Qc7 19.a3 Bf6 20.Nd4 Ra8 21.axb4 axb4 22.Qc4 Rab8
23.Ra4 Rfd8 24.Bf3 e5 25.Nf5 Rxd1+ 26.Bxd1 Bc8 27.Nd6 Be6 28.Qd3 Be7 29.Bc2 g6
30.Qd2 Rd8 1/2-1/2

[Event "2. Bundesliga Mitte 2010/11"]
[Site "Sauwald"]
[Date "2010.11.26"]
[Round "3"]
[Board "5"]
[White "Hartl, Daniel"]
[Black "Kubinger, Thomas"]
[Result "1/2-1/2"]
[WhiteElo "2233"]
[BlackElo "2227"]
[PlyCount "61"]
[EventDate "2010.10.16"]
[EventType "team"]
[EventRounds "11"]
[EventCountry "AUT"]
[WhiteTeam "SK MPOE Maria Saal"]
[BlackTeam "SV Steyregg"]

1.d4 d5 2.c4 c6 3.Nf3 Nf6 4.e3 a6 5.b3 Bg4 6.Nbd2 e6 7.Bd3 Nbd7 8.Qc2 Be7 9.Bb2
Bh5 10.O-O Bg6 11.Rac1 Bxd3 12.Qxd3 O-O 13.e4 dxe4 14.Nxe4 Nxe4 15.Qxe4 Re8
16.Rfd1 Qa5 17.a3 Rad8 18.Rd3 Qh5 19.Re1 Bf6 20.Qe2 Nf8 21.Ne5 Qxe2 22.Rxe2 Ng6
23.Nxg6 hxg6 24.f4 Rd7 25.Kf2 g5 26.g3 gxf4 27.gxf4 Kh7 28.Rh3+ Kg8 29.Rd3 Kh7
30.Rh3+ Kg8 31.Rd3 1/2-1/2